| 000 | 00877nam a2200217Ia 4500 | ||
|---|---|---|---|
| 003 | GCL | ||
| 008 | 140319s9999 xx 000 0 ara d | ||
| 040 |
_aGCL / _cGCL |
||
| 082 | 0 | 4 |
_a953.809 _bم س |
| 245 | 1 | 0 |
_aالسجل الاسود : _bروايات شهود العيان لمجاوز صدام حسين فى الكويت |
| 250 | _aالاولى | ||
| 260 |
_aالقاهرة : _bالمركز الاعلامى الكويتى ، _c1990 |
||
| 300 |
_a112 ص: _bايض ؛ _c24 سم |
||
| 650 | 0 | 4 | _aالجريمة والمجرمون |
| 650 | 0 | 4 | _aصدام حسين |
| 650 | 0 | 4 | _aالعدوانية |
| 650 | 0 | 4 | _aالكويت - تاريخ - العصر الحديث |
| 650 | 0 | 4 | _aالعنف - الجوانب الاخلاقية والدينية |
| 650 | 0 | 4 | _aالكويت - تاريخ - العصر الحديث - الاحتلال العراقى(1990-1991) |
| 942 |
_2ddc _cBK |
||
| 999 |
_c5022 _d5022 |
||